1863 1621 1245 1973 1080 1723 1912 1864 1137 1016 1550 1343 1540 1456 1169 1607 1347 1505 1462 1904 1094 1337 1672 1384 1464 1364 1350 1996 1095 1605 1364 1297 1440 1304 1279 1446 1834 1381 1985 1315 1165 1463 1386 1404 1909 1746 1221 1986 1845 1565 1498 1499 1795 1838 1645 1228 1832 1325 1148 1699 1740 1330 1487 1623 1605 1457 1200 1434 1835 1774 1425 1290 1693 1475 1346 1899 1619 1046 1544 1438 1859 1252 1851 1053 1959 1165 1829 1641 1071 1363 1290 1502 1491 1015 1218 1184 1348 1135 1123 BCNSPRNW ULIB Ver.6.0+V

เปลี่ยนเป็นภาษาไทย

Change to English
 แสดงรายละเอียดบรรณานุกรม
  กลับหน้าหลัก

Brief Record : Get Marc (ISO 2709) : E-mail record : QR code < ปิดหน้าต่าง
LEADER : 00000nam 2200000uu 4500
001    13399127662
003     ULIB
008    210316s2562||||th 000 0 tha d
020    ^a9786164301412^c199
060    ^aQS4^bอ313ร
100 1  ^aอรกัญญ์ ภูมิโคกรักษ์
245 10 ^aระบบร่างกายมนุษย์ =^bHuman body /^cอรกัญญ์ ภูมิโครักษ์
246    ^aHuman body
250    ^aพิมพ์ครั้งที่ 15
260    ^aกรุงเทพฯ :^bเอ็มไอเอส,^c2562
300    ^a175 หน้า :^bภาพประกอบ ;^c30 ซม.
650    ^aกายวิภาคศาสตร์
650    ^aสรีรวิทยา
945    ^p199^l0^i28734
945    ^p199^l0^i28735
945    ^p199^l0^i28736
945    ^p199^l0^i28737
945    ^p199^l0^i28738
945    ^p199^l0^i28739
945    ^p199^l0^i28740
945    ^p199^l0^i28741
945    ^p199^l0^i28742
945    ^p199^l0^i28743
999    ^aกัณชพร จุลอักษร
รายการนี้ยังไม่มีแท็ก
คุณยังไม่ได้ล็อกอิน คุณสามารถมีกิจกรรมร่วมกับเว็บไซต์ได้ แต่ต้องล็อกอินก่อน ::
  ล็อกอิน

รายการสื่อสารสนเทศ

ลำดับที่ ประเภท เลขเรียก/บาร์โค้ด สถานที่ สถานะ
1. หนังสือสำรอง
หนังสือสำรอง
QS4 อ313ร ฉ.1 
  Barcode: 28734
ห้องสมุดวิทยาเขตนครสวรรค์
►หนังสือทั่วไป:l:General Books
บนชั้น
2. วิทยาศาสตร์การแพทย์ และสุขภาพ
วิทยาศาสตร์การแพทย์ และสุขภาพ
QS4 อ313ร ฉ.10 
  Barcode: 28743
ห้องสมุดวิทยาเขตนครสวรรค์
►หนังสือทั่วไป:l:General Books
บนชั้น
3. วิทยาศาสตร์การแพทย์ และสุขภาพ
วิทยาศาสตร์การแพทย์ และสุขภาพ
QS4 อ313ร ฉ.2 
  Barcode: 28735
ห้องสมุดวิทยาเขตนครสวรรค์
►หนังสือทั่วไป:l:General Books
บนชั้น
4. วิทยาศาสตร์การแพทย์ และสุขภาพ
วิทยาศาสตร์การแพทย์ และสุขภาพ
QS4 อ313ร ฉ.3 
  Barcode: 28736
ห้องสมุดวิทยาเขตนครสวรรค์
►หนังสือทั่วไป:l:General Books
บนชั้น
5. วิทยาศาสตร์การแพทย์ และสุขภาพ
วิทยาศาสตร์การแพทย์ และสุขภาพ
QS4 อ313ร ฉ.4 
  Barcode: 28737
ห้องสมุดวิทยาเขตนครสวรรค์
►หนังสือทั่วไป:l:General Books
บนชั้น
6. วิทยาศาสตร์การแพทย์ และสุขภาพ
วิทยาศาสตร์การแพทย์ และสุขภาพ
QS4 อ313ร ฉ.5 
  Barcode: 28738
ห้องสมุดวิทยาเขตนครสวรรค์
►หนังสือทั่วไป:l:General Books
บนชั้น
7. วิทยาศาสตร์การแพทย์ และสุขภาพ
วิทยาศาสตร์การแพทย์ และสุขภาพ
QS4 อ313ร ฉ.6 
  Barcode: 28739
ห้องสมุดวิทยาเขตนครสวรรค์
►หนังสือทั่วไป:l:General Books
บนชั้น
8. วิทยาศาสตร์การแพทย์ และสุขภาพ
วิทยาศาสตร์การแพทย์ และสุขภาพ
QS4 อ313ร ฉ.7 
  Barcode: 28740
ห้องสมุดวิทยาเขตนครสวรรค์
►หนังสือทั่วไป:l:General Books
บนชั้น
9. วิทยาศาสตร์การแพทย์ และสุขภาพ
วิทยาศาสตร์การแพทย์ และสุขภาพ
QS4 อ313ร ฉ.8 
  Barcode: 28741
ห้องสมุดวิทยาเขตนครสวรรค์
►หนังสือทั่วไป:l:General Books
บนชั้น
10. วิทยาศาสตร์การแพทย์ และสุขภาพ
วิทยาศาสตร์การแพทย์ และสุขภาพ
QS4 อ313ร ฉ.9 
  Barcode: 28742
ห้องสมุดวิทยาเขตนครสวรรค์
►หนังสือทั่วไป:l:General Books
บนชั้น

รายการใกล้เคียง
    ผู้แต่ง [อรกัญญ์ ภูมิโคกรักษ์]

    หัวเรื่อง [กายวิภาคศาสตร์]
    หัวเรื่อง [สรีรวิทยา]

BibComment


ยังไม่เคยถูกคอมเมนท์

คอมเมนท์ทรัพยากรรายการนี้
  คอมเมนท์: ระบบร่างกายมนุษย..


 Copyright 2026. Bcnsprnw @Library